| 000 | 00762nam a2200253 a 4500 | ||
|---|---|---|---|
| 003 | MX-MxUPN | ||
| 005 | 20230208063902.0 | ||
| 008 | 200123t1996 sp rb 000 0 spa d | ||
| 020 | _a8478806210 | ||
| 035 | _aUPN01000235071 | ||
| 040 |
_aMX-MxUPN _bspa _cMX-MxUPN |
||
| 041 | 0 | _aspa | |
| 050 | 1 | 4 |
_aHV5801 _bA56 1996 |
| 100 | 1 |
_aAlonso-Fernández, Francisco, _d1924- _947757 |
|
| 245 | 1 | 4 |
_aLas otras drogas : _balimento, sexo, televisión, compras, juego y trabajo |
| 260 |
_aMadrid : _bTemas de hoy, _c1996. |
||
| 300 | _a291 páginas | ||
| 490 | 0 |
_aColección Fin de siglo ; _v75 |
|
| 504 | _aIncluye referencias bibliográficas. | ||
| 650 | 4 |
_aAbuso de drogas _9242 |
|
| 902 | _aVíctor Ruiz/070223 | ||
| 942 |
_2lcc _cLIBRO |
||
| 999 |
_c207166 _d207166 |
||